T A rules made easy (Record no. 4672)

MARC details
000 -LEADER
fixed length control field 00437nam a2200169Ia 4500
003 - CONTROL NUMBER IDENTIFIER
control field IN-BaIIA
008 - FIXED-LENGTH DATA ELEMENTS--GENERAL INFORMATION
fixed length control field 211028s9999 xx 000 0 eng d
040 ## - CATALOGING SOURCE
Transcribing agency IIA Library
080 ## - UNIVERSAL DECIMAL CLASSIFICATION NUMBER
Universal Decimal Classification number 658.31
Item number MUT
100 ## - MAIN ENTRY--PERSONAL NAME
Personal name Muthuswamy, P
9 (RLIN) 7319
245 #0 - TITLE STATEMENT
Title T A rules made easy
Statement of responsibility, etc. Muthuswamy, P
260 ## - PUBLICATION, DISTRIBUTION, ETC.
Place of publication, distribution, etc. Madras
Name of publisher, distributor, etc. Swamy Publishers
Date of publication, distribution, etc. 1975
300 ## - PHYSICAL DESCRIPTION
Extent 185p.
650 ## - SUBJECT ADDED ENTRY--TOPICAL TERM
Topical term or geographic name entry element  Central Government Rules
650 ## - SUBJECT ADDED ENTRY--TOPICAL TERM
Topical term or geographic name entry element Others Thesaurus 
942 ## - ADDED ENTRY ELEMENTS (KOHA)
Koha item type Books
Holdings
Withdrawn status Lost status Damaged status Not for loan Home library Current library Shelving location Date acquired Cost, normal purchase price Total Checkouts Full call number Barcode Date last seen Cost, replacement price Price effective from Koha item type Purchase Price
        IIA Library-Bangalore IIA Library-Kodaikanal General Stacks 12/02/1975 6.00   658.31/ MUT 5214 05/11/2021 6.00 12/02/1975 Books Rs. 6.00

Powered by Koha